Najpopularniejsze polskie zespoły muzyczne - Statystyki

Ogólne statystyki
  • Ten quiz został rozwiązany 580 razy
  • Średni wynik to 4 z 10
Statystyki odpowiedzi
Miejsce Zespół % Poprawnych
4. Lady Pank
84%
10. Perfect
66%
1. Dżem
59%
2. Kult
43%
7. Myslovitz
37%
3. IRA
31%
9. T.Love
31%
6. Happysad
23%
8. Oddział Zamknięty
16%
5. Coma
13%
Nie znaleziono quizów pasujących do podanych kryteriów
Rozkład punktacji
Procent ludzi z każdym wynikiem
Percentyl według liczby udzielonych odpowiedzi
Twoja historia wyników
Nie rozwiązałeś tego quizu